Artificial General Intelligence

This is the first book on current research on artificial general intelligence (AGI), work explicitly focused on engineering general intelligence – autonomous, self-reflective, self-improving, commonsensical intelligence. Each author explains a specific aspect of AGI in detail in each chapter, while...

Πλήρης περιγραφή

Λεπτομέρειες βιβλιογραφικής εγγραφής
Συγγραφή απο Οργανισμό/Αρχή: SpringerLink (Online service)
Άλλοι συγγραφείς: Goertzel, Ben (Επιμελητής έκδοσης), Pennachin, Cassio (Επιμελητής έκδοσης)
Μορφή: Ηλεκτρονική πηγή Ηλ. βιβλίο
Γλώσσα:English
Έκδοση: Berlin, Heidelberg : Springer Berlin Heidelberg, 2007.
Σειρά:Cognitive Technologies,
Θέματα:
Διαθέσιμο Online:Full Text via HEAL-Link
LEADER 03225nam a22005895i 4500
001 978-3-540-68677-4
003 DE-He213
005 20151204190442.0
007 cr nn 008mamaa
008 100301s2007 gw | s |||| 0|eng d
020 |a 9783540686774  |9 978-3-540-68677-4 
024 7 |a 10.1007/978-3-540-68677-4  |2 doi 
040 |d GrThAP 
050 4 |a Q334-342 
050 4 |a TJ210.2-211.495 
072 7 |a UYQ  |2 bicssc 
072 7 |a TJFM1  |2 bicssc 
072 7 |a COM004000  |2 bisacsh 
082 0 4 |a 006.3  |2 23 
245 1 0 |a Artificial General Intelligence  |h [electronic resource] /  |c edited by Ben Goertzel, Cassio Pennachin. 
264 1 |a Berlin, Heidelberg :  |b Springer Berlin Heidelberg,  |c 2007. 
300 |a XVI, 509 p.  |b online resource. 
336 |a text  |b txt  |2 rdacontent 
337 |a computer  |b c  |2 rdamedia 
338 |a online resource  |b cr  |2 rdacarrier 
347 |a text file  |b PDF  |2 rda 
490 1 |a Cognitive Technologies,  |x 1611-2482 
505 0 |a Contemporary Approaches to Artificial General Intelligence -- The Logic of Intelligence -- The Novamente Artificial Intelligence Engine -- Essentials of General Intelligence: The Direct Path to Artificial General Intelligence -- Artificial Brains -- The New AI: General & Sound & Relevant for Physics -- Gödel Machines: Fully Self-referential Optimal Universal Self-improvers -- Universal Algorithmic Intelligence: A Mathematical Top?Down Approach -- Program Search as a Path to Artificial General Intelligence -- The Natural Way to Artificial Intelligence -- 3D Simulation: the Key to A.I. -- Levels of Organization in General Intelligence. 
520 |a This is the first book on current research on artificial general intelligence (AGI), work explicitly focused on engineering general intelligence – autonomous, self-reflective, self-improving, commonsensical intelligence. Each author explains a specific aspect of AGI in detail in each chapter, while also investigating the common themes in the work of diverse groups, and posing the big, open questions in this vital area. The book will be of interest to researchers and students who require a coherent treatment of AGI and the relationships between AI and related fields such as physics, philosophy, neuroscience, linguistics, psychology, biology, sociology, anthropology and engineering. 
650 0 |a Computer science. 
650 0 |a Logic. 
650 0 |a Computers. 
650 0 |a Artificial intelligence. 
650 0 |a Computer simulation. 
650 0 |a Control engineering. 
650 0 |a Robotics. 
650 0 |a Mechatronics. 
650 1 4 |a Computer Science. 
650 2 4 |a Artificial Intelligence (incl. Robotics). 
650 2 4 |a Computation by Abstract Devices. 
650 2 4 |a Control, Robotics, Mechatronics. 
650 2 4 |a Simulation and Modeling. 
650 2 4 |a Logic. 
700 1 |a Goertzel, Ben.  |e editor. 
700 1 |a Pennachin, Cassio.  |e editor. 
710 2 |a SpringerLink (Online service) 
773 0 |t Springer eBooks 
776 0 8 |i Printed edition:  |z 9783540237334 
830 0 |a Cognitive Technologies,  |x 1611-2482 
856 4 0 |u http://dx.doi.org/10.1007/978-3-540-68677-4  |z Full Text via HEAL-Link 
912 |a ZDB-2-SCS 
950 |a Computer Science (Springer-11645)